El chivato / (Record no. 80369)
[ view plain ]
| 000 -LEADER | |
|---|---|
| campo de control de longitud fija | 00606nam a2200217 i 4500 |
| 001 - NÚMERO DE CONTROL | |
| campo de control | 80369 |
| 003 - IDENTIFICADOR DE NÚMERO DE CONTROL | |
| campo de control | ES-MaACL |
| 005 - FECHA Y HORA DE LA ÚLTIMA TRANSACCIÓN | |
| campo de control | 20230906174212.0 |
| 007 - CAMPO FIJO DE DESCRIPCIÓN FÍSICA--INFORMACIÓN GENERAL | |
| campo de control de longitud fija | t| |
| 008 - DATOS DE LONGITUD FIJA--INFORMACIÓN GENERAL | |
| campo de control de longitud fija | 041027s1973 sp ||||1| spa d |
| 100 1# - ENTRADA PRINCIPAL--NOMBRE DE PERSONA | |
| Nombre de persona | Higgins, George V. |
| 9 (RLIN) | 63636 |
| 245 13 - MENCIÓN DEL TÍTULO | |
| Título | El chivato / |
| Mención de responsabilidad, etc. | George V. Higgins ; [traducción de Carlos Casas]. |
| 250 ## - MENCION DE EDICION | |
| Mención de edición | [1ª ed.]. |
| 260 ## - PUBLICACIÓN, DISTRIBUCIÓN, ETC. | |
| Lugar de publicación, distribución, etc. | Barcelona : |
| Nombre del editor, distribuidor, etc. | Noguer, |
| Fecha de publicación, distribución, etc. | [1973] |
| 300 ## - DESCRIPCIÓN FÍSICA | |
| Extensión | 207 p. ; |
| Dimensiones | 19 cm. |
| 490 1# - MENCIÓN DE SERIE | |
| Mención de serie | Esfinge ; |
| Designación de volumen o secuencia | 27 |
| 700 1# - ENTRADA AGREGADA--NOMBRE PERSONAL | |
| Nombre de persona | Casas, Carlos. |
| 9 (RLIN) | 36188 |
| 830 0# - PUNTO DE ACCESO ADICIONAL DE SERIE-TÍTULO UNIFORME | |
| Título uniforme | Esfinge ; |
| Designación de volumen o secuencia | 27 |
| 9 (RLIN) | 183661 |
| 852 ## - LOCALIZACIÓN | |
| Ubicación | ES-MaACL |
| Número de control de estantería | C-53326 |
| Sublocalización o colección | R.85246 |
| Estatus retirado | Estado de pérdida | Estado de daño | No para préstamo | Biblioteca de origen | Biblioteca actual | Ubicación en estantería | Fecha de adquisición | Fuente de adquisición | Total de préstamos | Signatura topográfica completa | Código de barras | Visto por última vez | Precio de reemplazo | Tipo de ítem Koha |
|---|---|---|---|---|---|---|---|---|---|---|---|---|---|---|
| Biblioteca del Ateneo de Madrid | Biblioteca del Ateneo de Madrid | Depósito 2 | 17/01/2008 | C-53326 | 1084029 | 23/02/2023 | 23/02/2023 | Libro impreso |
